书目信息 |
| 题名: |
广告经营与管理
|
|
| 作者: | 王健 编著 | |
| 分册: | ||
| 出版信息: | 北京 中国建筑工业出版社 2008.06 |
|
| 页数: | 365页 | |
| 开本: | 23cm | |
| 丛书名: | 高等学校广告学专业教学丛书 | |
| 单 册: | ||
| 中图分类: | F713.82 | |
| 科图分类: | ||
| 主题词: | 广告学--guang gao xue--管理学--高等学校--教材 | |
| 电子资源: | ||
| ISBN: | 978-7-112-09862-0 | |
| 000 | 01071nam 2200265 450 | |
| 001 | 012009772983 | |
| 005 | 20090917185017.90 | |
| 010 | @a978-7-112-09862-0@dCNY38.00 | |
| 100 | @a20090917d2008 em y0chiy0120 ea | |
| 101 | 0 | @achi |
| 102 | @aCN@b110000 | |
| 105 | @aa a 000yy | |
| 106 | @ar | |
| 200 | 1 | @a广告经营与管理@Aguang gao jing ying yu guan li@f王健编著@Fwang jian bian zhu |
| 210 | @a北京@c中国建筑工业出版社@d2008.06 | |
| 215 | @a365页@c图@d23cm | |
| 225 | 2 | @a高等学校广告学专业教学丛书@Agao deng xue xiao guang gao xue zhuan ye jiao xue cong shu |
| 320 | @a有书目 (第364-365页) | |
| 330 | @a本书共16章,内容突出了以网络广告手机广告为标志的新媒体广告、以公众视屏广告为标志的新型户外广告的经营现状和发展趋势,突出介绍了世界其他广告大国广告监管法规和做法,以期对完善我国的广告监管制度和监管体系有所借鉴。 | |
| 410 | 0 | @12001 @a高等学校广告学专业教学丛书 |
| 606 | 0 | @a广告学@Aguang gao xue@x管理学@x高等学校@j教材 |
| 690 | @aF713.82@v4 | |
| 701 | 0 | @a王健@Awang jian@4编著 |
| 801 | 0 | @aCN@bQSSK@c20090917 |
| 905 | @b754788-90@dF713.82@eW235@f3 | |
| 广告经营与管理/王健编著.-北京:中国建筑工业出版社,2008.06 |
| 365页:图;23cm.-(高等学校广告学专业教学丛书) |
| ISBN 978-7-112-09862-0:CNY38.00 |
| 本书共16章,内容突出了以网络广告手机广告为标志的新媒体广告、以公众视屏广告为标志的新型户外广告的经营现状和发展趋势,突出介绍了世界其他广告大国广告监管法规和做法,以期对完善我国的广告监管制度和监管体系有所借鉴。 |
| ● |
| 相关链接 |
|
|
|
正题名:广告经营与管理
索取号:F713.82/W235
 
预约/预借
| 序号 | 登录号 | 条形码 | 馆藏地/架位号 | 状态 | 备注 |
| 1 | 754788 | 207547886 | 社科库409/409社科库 44排7列4层/ [索取号:F713.82/W235] | 在馆 | |
| 2 | 754789 | 207547895 | 社科库409/409社科库 44排7列3层/ [索取号:F713.82/W235] | 在馆 | |
| 3 | 754790 | 207547902 | 社科库409/409社科库 44排7列4层/ [索取号:F713.82/W235] | 在馆 |